Divorce through the eyes of a child / (Record no. 111250)
[ view plain ]
| 000 -LEADER | |
|---|---|
| fixed length control field | 00562nam a2200205 a 4500 |
| 001 - CONTROL NUMBER | |
| control field | 1174 |
| 003 - CONTROL NUMBER IDENTIFIER | |
| control field | 1174 |
| 005 - DATE AND TIME OF LATEST TRANSACTION | |
| control field | 20160419143817.0 |
| 008 - FIXED-LENGTH DATA ELEMENTS--GENERAL INFORMATION | |
| fixed length control field | 041105s19uu xx 00 eng d |
| 050 ## - LIBRARY OF CONGRESS CALL NUMBER | |
| Classification number | TR |
| Item number | D54 1987 |
| 100 ## - MAIN ENTRY--PERSONAL NAME | |
| Personal name | Lewis, Jodie |
| 245 ## - TITLE STATEMENT | |
| Title | Divorce through the eyes of a child / |
| Statement of responsibility, etc | written by Jodie Lewis. |
| 260 ## - PUBLICATION, DISTRIBUTION, ETC. (IMPRINT) | |
| Place of publication, distribution, etc | Chatsworth, Calif : |
| Name of publisher, distributor, etc | Superscope, |
| Date of publication, distribution, etc | 1987. |
| 300 ## - PHYSICAL DESCRIPTION | |
| Extent | 1 v. (unp.) : ill. ; cm. |
| 440 ## - SERIES STATEMENT/ADDED ENTRY--TITLE | |
| Title | Tele-Story Presents. |
| 650 ## - SUBJECT ADDED ENTRY--TOPICAL TERM | |
| Topical term or geographic name as entry element | Separation |
| General subdivision | Fiction. |
| 650 ## - SUBJECT ADDED ENTRY--TOPICAL TERM | |
| Topical term or geographic name as entry element | Children stories. |
| 942 ## - ADDED ENTRY ELEMENTS (KOHA) | |
| Source of classification or shelving scheme | Dewey Decimal Classification |
| Koha item type | Books |
| Withdrawn status | Lost status | Source of classification or shelving scheme | Damaged status | Home library | Current library | Shelving location | Date acquired | Source of acquisition | Total Checkouts | Full call number | Barcode | Date last seen | Price effective from | Koha item type |
|---|---|---|---|---|---|---|---|---|---|---|---|---|---|---|
| Dewey Decimal Classification | Munich Library | Munich Library | Teachers Reference Section | 11/05/2004 | Donation | TR D54 1987 | M1875 | 04/14/2014 | 04/14/2014 | Books |